| 000 | 00459cam a2200193ua 4500 | ||
|---|---|---|---|
| 001 | 11992 | ||
| 005 | 20260515114826.0 | ||
| 008 | 191231n ii |||gr||||Z||||||eng | ||
| 020 | _a9789380626895 | ||
| 040 | _cMAIN | ||
| 082 | _a515 | ||
| 100 |
_aDeepak Sinha, _eauthor. |
||
| 245 |
_aVector Calculus _cBy Deepak Sinha |
||
| 250 | _a1st ed. | ||
| 260 |
_aJaipur: _bPrateeksha Publications, _c2014. |
||
| 300 | _a208p. | ||
| 653 | _aAnalysis | ||
| 942 | _cBK | ||
| 999 |
_c10765 _d10765 |
||